Regulace elektroenergetického sektoru v ČR

Analýza regulačného rámca pre stanovenie cien v elektroenergetickom sektore v Českej republike. Použitá metodika regulácie cien v jednotlivých regulačných obdobiach. Stanovenie cien za služby poskytované prevádzkovateľom prenosovej sústavy. Vyjednávanie regulačného rámca pre 3. regulačné obdobie. Ná...

ver descrição completa

Na minha lista:
Detalhes bibliográficos
Autor principal: Fendeková, Eleonora, 1952-
Outros Autores: Čiháková, Zuzana
Formato: Capítulo de Livro
Idioma:tcheco
Assuntos:
Tags: Adicionar Tag
Sem tags, seja o primeiro a adicionar uma tag!

MARC

LEADER 00000naa$a2200000$$$4500
001 0144828
005 20240502072610.6
041 0 |a cze 
044 |a SK 
245 1 0 |a Regulace elektroenergetického sektoru v ČR  |c Eleonora Fendeková, Zuzana Čiháková 
520 |a Analýza regulačného rámca pre stanovenie cien v elektroenergetickom sektore v Českej republike. Použitá metodika regulácie cien v jednotlivých regulačných obdobiach. Stanovenie cien za služby poskytované prevádzkovateľom prenosovej sústavy. Vyjednávanie regulačného rámca pre 3. regulačné obdobie. Návrhy zmien regulačného rámca pre 4. regulačné obdobie. 
610 2 0 |a energetika 
610 2 0 |a elektrina 
610 2 0 |a elektroenergetika 
610 2 0 |a ceny 
610 2 0 |a regulácia 
610 2 0 |a náklady 
610 2 0 |a zisk 
610 2 0 |a odpisy 
610 2 0 |a Česko 
100 1 |a Fendeková, Eleonora, 1952- 
700 1 |a Čiháková, Zuzana